00856 2200265 4500001002100000005001700021008004100038020002200079035002500101040001200126082001200138084001400150100002600164245017400190250001200364260002600376300002600402500005500428504002700483650001400510700001900524700001500543700002000558850001200578INLIS00000000001229720150909190002.0  a978-979-062-480-1 a0010-091500000000810 aYOPDYOG 223a150 a150 Pet M aPETERSON, Christopher aMengupayakan hidup baikb: 100 refleksi tentang psikologi positifc/ Christopher Peterson ; penerjemah, Benjamin Molon ; penyunting, Tim Indeks ; editor, Bambang Sarwiji aCet. 1. aJakartabIndeksc2014 axv, 462 hlm.c; 21 cm aJudul asli : 100 Reflection on positive psychology aBibliografi : hlm. 462 aPsikologi aBenyamin Molan aTim Indeks aBambang Sarwiji aYOPDYOG